|
|
|
|
| LEADER |
00000cam a2200000 a 4500 |
| 001 |
60365 |
| 005 |
20230308162226.0 |
| 008 |
000000| ||||||||r|||||||||||spa|| |
| 040 |
|
|
|b spa
|
| 041 |
1 |
|
|a fre
|
| 082 |
0 |
|
|a 891.73
|
| 100 |
1 |
|
|a Nassedkine, Vladimir
|9 32850
|
| 245 |
1 |
1 |
|a Mes pérégrinations
|c Vladimir Nassedkine
|h imp
|
| 264 |
|
|
|a Moscou
|b Editions du Progrès
|c s.f.
|
| 300 |
|
|
|a 223 páginas:
|c 16,5 cm
|
| 650 |
1 |
|
|a Literatura rusa
|9 21506
|
| 852 |
|
|
|a UC-CDJBV
|c TERCER PISO
|f Compra
|k lucia.mora
|l 1
|m General
|p 00000000
|r 8
|t 60365
|y 60365
|b 0
|d CDRC
|e CDRC
|g 891.73 TERCER PISO
|z 0000-00-00
|
| 942 |
|
|
|c BK
|
| 999 |
|
|
|c 17370
|d 17370
|